Statistiques concernant Rappeurs français avec un gimmick

Cliquez ici pour prendre le quiz!

Statistiques générales

  • Ce quiz a été pris 1 665 fois
  • Le résultat moyen est 17 sur 30

Statistiques - réponses

GimmickRappeur% Correct
Méchant, méchantNiska
95%
6.6.7Freeze Corleone
91%
N.I.R.ONiro
90%
WejdeneWejdene
90%
EkipFreeze corleone
87%
SAUVAGERIEKalash Criminel
86%
B.2.OBooba
85%
2-7Kaaris
84%
92iBooba
82%
Ris-kaKaaris
81%
OCHOSDM
77%
10-12 14Kalash Criminel
76%
le P, le LPLK
76%
SHEGUEYGradur
68%
CarréWerenoi
68%
PétasseFreeze corleone
66%
IziBooba
61%
OOORH CLICKKaaris
58%
Don DadaAlpha Wann
57%
100-8SDM
54%
S-EKaaris
52%
R.A.S.Kalash Criminel
48%
TA TA TAKalash Criminel
39%
GrikitibangKaaris
31%
HANFreeze corleone
19%
PAS DE MALADRESSESiboy
7%
SACHE-LESiboy
4%
GNI GNIIISiboy
4%
SQUASiboy
3%
oooOOH SKRTSiboy
3%

Distribution des résultats

Percentile par nombre de réponses

% des personnes avec chaque résultat

Votre développement - résultats

Vous n’avez pas pris ce quiz